000 00423nam a2200133Ia 4500
008 151001s9999||||xx |||||||||||||| ||und||
100 _aद्वारकानाथ गोविंद वैद्य
245 _aनारायण गणेश चंदावरकर
250 _a1
260 _bकर्नाटक पब्लिशिंग हाउस
260 _c1937
300 _a637
365 _b8.5
999 _c948670
_d948667